آینہ بصوّف : مخدوم جہاں : (Record no. 197350)

MARC details
000 -LEADER
fixed length control field 00836nam a22002057a 4500
005 - DATE AND TIME OF LATEST TRANSACTION
control field 20230822121843.0
010 ## - LCCN (DPL NO)
LC control number UR-12151
020 ## - INTERNATIONAL STANDARD BOOK NUMBER
International Standard Book Number 9789395400671
Terms of availability 500.0
035 ## - SYSTEM CONTROL NUMBER
System control number U-10706
037 ## - SOURCE OF ACQUISITION
Source of stock number/acquisition DBAD/PUB
082 ## - DEWEY DECIMAL CLASSIFICATION NUMBER
Classification number 954.53
100 ## - MAIN ENTRY--PERSONAL NAME
Personal name حفظ الرحمان
245 ## - TITLE STATEMENT
Title آینہ بصوّف : مخدوم جہاں :
Remainder of title شیخ شرفو الدین احمد منیری اور ان کے مقبول خلفاء /
Statement of responsibility, etc حفظ الرحمان
246 ## - VARYING FORM OF TITLE
Title proper/short title Aaina-e-Tasawwuf: makhdoom-e-jahan: Shaikh sharfuddin ahmad muneeri aur unke maqbool khulfa /
Remainder of title by Hifzur Rahman
260 ## - PUBLICATION, DISTRIBUTION, ETC. (IMPRINT)
Place of publication, distribution, etc New Delhi
Name of publisher, distributor, etc Educational Publishing House
Date of publication, distribution, etc 2023 ء
270 ## - ADDRESS
Address H.o. D1/16, Ansari Road, Darya Ganj
City New Delhi
Postal code 110002
300 ## - PHYSICAL DESCRIPTION
Extent 368 ص
Dimensions 23cm(Hb)
500 ## - GENERAL NOTE
General note Tazkira Sufia-e-Bihar
942 ## - ADDED ENTRY ELEMENTS (KOHA)
Source of classification or shelving scheme Dewey Decimal Classification
Item type Urdu Bks
Call number suffix ح ف ظ
Edition
Classification part 954.53
Holdings
Withdrawn status Lost status Not for loan Collection code Home library Current library Date acquired Source of acquisition Cost, normal purchase price Full call number Barcode Copy number Cost, replacement price Koha item type
      Non-fiction Kadipur Kadipur 22/08/2023 DBAD/PUB 500.00 954.53 ح ف ظ U-10706 1 500.00 Urdu Bks

© Delhi Public Library
Hit Counter
free hit counter